- Tamaro, Domenico
Entry Nombre Personal
001 - NUMERO DE CONTROL
- campo de control: 47149
003 - IDENTIFICADOR DE NUMERO DE CONTROL
- campo de control: DLC
005 - FECHA Y HORA DE LA ÜLTIMA TRANSACCIÓN
- campo de control: 20221019082429.0
008 - DATOS DE LONGITUD FIJA
- campo de control de longitud fija: 081104n| azannaabn |a aaa c
010 ## - NÚMERO DE CONTROL DE LA BIBLIOTECA DEL CONGRESO
- Número de control LC: no2008163130
035 ## - NUMERO DE CONTROL
- Número de control: (OCoLC)oca07927440
035 ## - NUMERO DE CONTROL
- Número de control: (CaEvSKY)skya8647504
040 ## - FUENTE DE CATALOGACIÓN
- Agencia original de catalogación: CU-A
- Lenguaje de catalogación: spa
- Description conventions: rda
- Agencia de transcripción: CU-A
- Agencia que lo modifica: MX-SlUA
- Agencia que lo modifica: MX-MxUPN
100 1# - ENCABEZAMIENTO - NOMBRE PERSONAL
- Nombre personal: Tamaro, Domenico
375 ## - GÉNERO
- Gender: male
377 ## - LENGUA ASOCIADA
- Language code: ita
400 1# - VEÁSE - NOMBRE DE PERSONA
- Personal name: Tamaro, D.
- Fuller form of name: (Domenico)
670 ## - FUENTE EN LA QUE SE LOCALIZARON DATOS
- Cita de la fuente: Enologia, 1923:
- Información localizada: portada (D. Tamaro)
670 ## - FUENTE EN LA QUE SE LOCALIZARON DATOS
- Cita de la fuente: OCLC, October 31, 2008
- Información localizada: (hdg.: Tamaro, D.; Tamaro, Domenico; Tamaro, Domenico, 1859-1939)
670 ## - FUENTE EN LA QUE SE LOCALIZARON DATOS
- Cita de la fuente: Tratado de fruticultura, 1981:
- Información localizada: portada (Domenico Tamaro)
670 ## - FUENTE EN LA QUE SE LOCALIZARON DATOS
- Cita de la fuente: Tratado de horticultura, 1988:
- Información localizada: portada (D. Tamaro)
902 ## - CATALOGADOR
- Catalogador: Víctor Ruiz/191022
